Miasta w Polsce na literę G - Statystyki

Ogólne statystyki
  • Ten quiz został rozwiązany 340 razy
    73 od ostatniego zresetowania
  • Średni wynik to 27 z 54
Statystyki odpowiedzi
Liczba mieszkańców Województwo Miasto % Poprawnych
489 160 pomorskie Gdańsk
100%
239 325 pomorskie Gdynia
100%
167 568 śląskie Gliwice
93%
114 076 lubuskie Gorzów Wielkopolski
93%
62 424 wielkopolskie Gniezno
91%
87 241 kujawsko-pomorskie Grudziądz
91%
60 893 dolnośląskie Głogów
87%
26 639 warmińsko-mazurskie Giżycko
83%
35 365 mazowieckie Grodzisk Mazowiecki
74%
17 274 mazowieckie Garwolin
70%
13 018 warmińsko-mazurskie Gołdap
65%
19 454 zachodniopomorskie Gryfino
63%
21 286 zachodniopomorskie Goleniów
61%
15 109 wielkopolskie Grodzisk Wielkopolski
61%
16 720 mazowieckie Grójec
61%
15 165 zachodniopomorskie Gryfice
61%
24 972 małopolskie Gorlice
59%
19 588 wielkopolskie Gostyń
59%
11 376 opolskie Głubczyce
57%
10 523 dolnośląskie Góra
57%
20 621 podlaskie Grajewo
57%
5974 pomorskie Gniew
54%
16 566 mazowieckie Gostynin
54%
12 889 łódzkie Głowno
52%
5386 opolskie Głogówek
50%
12 353 opolskie Głuchołazy
50%
11 038 kujawsko-pomorskie Golub-Dobrzyń
48%
12 294 mazowieckie Góra Kalwaria
48%
15 297 lubuskie Gubin
48%
6428 opolskie Gogolin
46%
1009 łódzkie Grabów
43%
2416 opolskie Gorzów Śląski
41%
2739 mazowieckie Glinojeck
39%
5877 małopolskie Grybów
39%
11 015 podkarpackie Głogów Małopolski
37%
6583 kujawsko-pomorskie Gniewkowo
37%
1684 podlaskie Goniądz
35%
1900 wielkopolskie Grabów nad Prosną
35%
7723 opolskie Grodków
35%
6020 dolnośląskie Gryfów Śląski
35%
3532 warmińsko-mazurskie Górowo Iławeckie
33%
4218 wielkopolskie Golina
30%
4082 mazowieckie Gąbin
26%
5789 dolnośląskie Głuszyca
26%
3128 wielkopolskie Gołańcz
24%
800 mazowieckie Głowaczów
22%
1336 kujawsko-pomorskie Górzno
22%
879 lubelskie Goraj
20%
2798 zachodniopomorskie Gościno
20%
2661 lubuskie Gozdnica
20%
1404 kujawsko-pomorskie Gąsawa
17%
1290 świętokrzyskie Gowarczów
17%
767 mazowieckie Gielniów
15%
2468 zachodniopomorskie Golczewo
13%
Nie znaleziono quizów pasujących do podanych kryteriów
Rozkład punktacji
Procent ludzi z każdym wynikiem
Percentyl według liczby udzielonych odpowiedzi
Twoja historia wyników
Nie rozwiązałeś tego quizu od ostatniego zresetowania